000 00971nam a2200289Ia 4500
005 20210727153132.0
008 141031s2012 c g 000 f s
020 _a9789583001741
100 1 _aSoto Aparicio, Fernando
_d1933-2016
245 1 0 _aProceso a un ángel
_cFernando Soto Aparicio
250 _aPrimera edición, novena reimpresión
300 _a182 páginas
_b20 cm
650 1 4 _2LEMB
_aNovela colombiana
_ySiglo XX
650 1 4 _2LEMB
_aLiteratura colombiana
_ySiglo XX
650 1 4 _2LEMB
_aDolor en la literatura
650 1 4 _2LEMB
_aNiñas en la literatura
650 1 4 _2LEMB
_aInjusticia en la literatura
650 1 4 _2LEMB
_aMilagros en la literatura
650 1 4 _2LEMB
_aÁngeles en la literatura
942 _2loc
_cBKLIT
264 _aBogotá
_bPanamericana
_c2012
336 _atexto
_btxt
_2rdacontent
337 _asin mediación
_bn
_2rdamedia
338 _avolumen
_bnc
_2rdacarrier
040 _aCO-BoRNBP
_bspa
_erda
_cCO-BoRNBP
084 _aN SOT2
999 _c2979
_d2979